Bilecik Bilecik Bilecik Bilecik Bilecik

Sinyaller ve sistemler/ (Record no. 43172)

MARC details
000 -BAŞLIK
Sabit Uzunluktaki Kontrol Alanı 01524nam a22003617a 4500
001 - KONTROL NUMARASI
Control Dosyası 0043351
003 - KONTROL NUMARASI KİMLİĞİ
Kontrol Alanı KOHA_MİRAKIL
005 - EN SON İŞLEM TARİHİ ve ZAMANI
Kontrol Alanı 20260207003345.0
007 - FİZİKSEL TANIM SABİT ALAN - GENEL BİLGİ
Sabit uzunluklu kontrol alanı ta
008 - SABİT UZUNLUKTAKİ VERİ ÖGELERİ - GENEL BİLGİ
Sabit Alan 130902b2013 tu a|||gr||||#||||0|tur |
020 ## - ISBN - ULUSLARARASI STANDART KİTAP NUMARASI
Isbn 9789750222979
040 ## - KATALOGLAMA KAYNAĞI
Özgün Kataloglama Kurumu TR-BiSEU
Kataloglama Dili tur
Çeviri Kurumu TR-BiSEU
Açıklama Kuralları rda
041 0# - DİL KODU
Metin ya da ses kaydının dil kodu tur
044 ## - YAYINLAYAN/ÜRETEN KURULUŞUN ÜLKE KODU
ISO country code tu
050 ## - SINIFLAMA ve YER NUMARASI
Sınıflama Numarası TK5102.92
Yer Numarası .G39 2013
100 1# - KİŞİ ADI
Yazar Adı (Kişi adı) Gazi, Orhan.
245 1# - ESER ADI BİLDİRİMİ
Başlık Sinyaller ve sistemler/
Sorumluluk Bildirimi Orhan Gazi ; Orhan Gazi.
246 ## - DEĞİŞİK BAŞLIK FORMU
Başlık uygun / kısa başlık [200'ü çözümlü, 300 örnek soru] : sinyaller ve sistemlere giriş : sürekli zamanlı sinyallerin işlenmesi : ayrık zamanlı sinyallerin işlenmesi : enerji, güç, evrişim sistemler : sürekli zamanlı sinyallerin fourier analizi : ayrık zamanlı sinyallerin fourier analizi ; laplace dönüşüm ; laplace dönüşümünde yakınsama bölgesi ; z dönüşüm ; z dönüşümde yakınsama bölgesi ; çift tonlu çoklu frekansın goertzel algoritmasın ile sezimlenmesi
264 #1 - ÜRERİM, YAYIN, DAĞITIM ve TELİF BİLDİRİMİ
Yayın yeri Ankara :
Yayınlayan Seçkin
Yayın tarihi 2013
300 ## - FİZİKSEL TANIMLAMA
Sayfa, Cilt vb. 328 sayfa :
Diğer fiziki detaylar resimli ;
Boyutları 24 cm.
336 ## - İÇERİK TÜRÜ
Content type term metin
Content type code txt
Source rdacontent
337 ## - MEDYA TÜRÜ
Media type term aracısız
Media type code n
Source rdamedia
338 ## - TAŞIYICI TÜRÜ
Carrier type term cilt
Carrier type code nc
Source rdacarrier
490 1# - DİZİ BİLDİRİMİ
Dizi Bildirimi Teknik ;
Cilt Numarası no.
490 1# - DİZİ BİLDİRİMİ
Dizi Bildirimi 162.
500 ## - GENEL NOT
Genel Not Dizin var.
500 ## - GENEL NOT
Genel Not Kaynakça var.
650 #0 - KONU BAŞLIĞI EK GİRİŞ - KONU TERİMİ
Konusal terim veya coğrafi ad İşaret teorisi (Telekomünikasyon)--Problemler, alıştırmalar, vb.
9 (RLIN) 1492
650 #0 - KONU BAŞLIĞI EK GİRİŞ - KONU TERİMİ
Konusal terim veya coğrafi ad Signal theory (Telecommunication)--Problems, exercises, etc.
9 (RLIN) 1493
830 1# - SERİ EK GİRİŞİ - TEKBİÇİM ESER ADI
Tekbiçim Başlık Teknik ;
Volume number/sequential designation no.
9 (RLIN) 4136
830 1# - SERİ EK GİRİŞİ - TEKBİÇİM ESER ADI
Tekbiçim Başlık 162.
9 (RLIN) 80799
942 ## - EK GİRİŞ ÖGELERİ (KOHA)
Source of classification or shelving scheme Library of Congress Classification
Koha item type Book
Holdings
Materyal Türü Kalıcı Konum Mevcut Konum Raf Yeri Sınıflandırma Kaynağı Edinim Bilgisi Ana Konular Alt Konular Yer Numarası Demirbaş Numarası Fatura Tarihi Maliyet, Alış Fiyatı Maliyet, Yenileme Fiyatı Geri Çekilme Durumu Kayıp Durumu Hasarlı Durumu Kredi için değil Kayıt Tarih Toplam Ödünçverme Son Görülme Tarihi Son Kontrol Tarihi Satın Alma Notu
Book Prof. Dr. Azmi Özcan Kütüphanesi Prof. Dr. Azmi Özcan Kütüphanesi Birûni Salonu Library of Congress Classification Satın TEKNOLOJİ Elektrik Mühendisliği, Elektronik, Nükleer Mühendislik TK5102.92 .G39 2013 0043351 24/09/2013 16.12 16.12         30/07/2013 35 05/12/2024 05/12/2024 73291-73383 (92 sayfa)
Book Prof. Dr. Azmi Özcan Kütüphanesi Prof. Dr. Azmi Özcan Kütüphanesi Birûni Salonu Library of Congress Classification Satın TEKNOLOJİ Elektrik Mühendisliği, Elektronik, Nükleer Mühendislik TK5102.92 .G39 2013 0044691 24/09/2013 16.12 16.12         02/09/2013 28 05/12/2024 05/12/2024 73291-73383 (92 sayfa)
Book Prof. Dr. Azmi Özcan Kütüphanesi Prof. Dr. Azmi Özcan Kütüphanesi Birûni Salonu Library of Congress Classification Satın TEKNOLOJİ Elektrik Mühendisliği, Elektronik, Nükleer Mühendislik TK5102.92 .G39 2013 0044692 24/09/2013 16.12 16.12         02/09/2013 35 05/12/2024 05/12/2024 73291-73383 (92 sayfa)